Riconosci lo Stato - Quiz n°79 - Statistics

Statistiche generali
  • Questo quiz è stato fatto 42 volte
  • Il punteggio medio è 10 su 13
Statistiche sulle risposte
Indizio Risposta % Corretto
Re Carlo III Governatore generale: Tofiga Vaevalu Falani
92%
Indipendenza dal Regno Unito 1º ottobre 1978
89%
Popolazione 10 645 ab.
83%
Valuta Dollaro
83%
Fuso Orario UTC+12
83%
Superficie 26 km²
81%
Iniziale della Capitale F
81%
Primo ministro Feleti Teo
78%
Forma di Governo Monarchia parlamentare (Reame del Commonwealth)
69%
ISU 0,641
67%
Tasso di crescita 0,725%
67%
PIL (nominale) 38 milioni di $ (2012)
67%
Risposta Tuvalu
61%
Nessun quiz corrispondente trovato
Distribuzione punteggi
Percentuale di utenti per punteggio
Percentile per numero di risposta
I tuoi punteggi nel tempo
Non hai fatto questo quiz